| 000 | 00641cam a22001932 4500 | ||
|---|---|---|---|
| 001 | 0000003155 | ||
| 005 | 20151217155819.0 | ||
| 008 | 070430s xx 000 0 eng d | ||
| 040 |
_aKABU _cKABU |
||
| 050 | 0 |
_aHN31 _b.I58 |
|
| 111 | 2 |
_aInternational Ecumerical Study Conference _cThesalonica, Greece : _d1959. _@0000152839 |
|
| 245 | 1 | 0 |
_aDilemmas and opportunities : _bChristian action in rapid social change. |
| 260 |
_aGeneva : _bWorld Council of Churches, _c1959. |
||
| 300 | _a104 p. | ||
| 650 | 0 |
_aChurch and social changes. _@0000152840 |
|
| 908 | _a070430 | ||
| 950 | _@1 | ||
| 999 |
_c12782 _d12782 |
||